LEADER 04891nam 2200661 450 001 9910789153303321 005 20200520144314.0 010 $a0-292-75470-1 024 7 $a10.7560/754447 035 $a(CKB)3710000000081483 035 $a(EBL)3571777 035 $a(SSID)ssj0001114439 035 $a(PQKBManifestationID)11615303 035 $a(PQKBTitleCode)TC0001114439 035 $a(PQKBWorkID)11054397 035 $a(PQKB)11621857 035 $a(Au-PeEL)EBL3571777 035 $a(CaPaEBR)ebr10823669 035 $a(OCoLC)932326804 035 $a(MiAaPQ)EBC3571777 035 $a(DE-B1597)587179 035 $a(DE-B1597)9780292754706 035 $a(EXLCZ)993710000000081483 100 $a20140118d2013 uy 0 101 0 $aeng 135 $aur|n|---||||| 181 $ctxt 182 $cc 183 $acr 200 10$aKawsay Vida $ea Quechua course for beginners and beyond : course book and interactive multimedia dvd /$fby Rosaleen Howard ; with contributions by Phil Jimmieson [and five others] 210 1$aAustin, Texas :$cUniversity of Texas Press,$d2013. 210 4$d©2013 215 $a1 online resource (224 p.) 225 1 $aRecovering Languages and Literacies of the Americas 300 $aDescription based upon print version of record. 311 $a0-292-75624-0 320 $aIncludes bibliographical references. 327 $a""Acknowledgments""; ""Introduction / About Kawsay Vida""; ""PART I""; ""1 / Juk. Napaykuna / Greetings""; ""2 / Iskay. Runakuna / People""; ""3 / Kimsa. P'acha / Clothing""; ""4 / Tawa. Ruwana / Daily Tasks""; ""5 / Phichqa. Maymantataq jamunki? / Where Do You Come From?""; ""6 / Squta. Maymantaq richkanki? / Where Are You Going?""; ""7 / Qanchis. Yuyarina / Review""; ""PART II""; ""8/Pusaq. Allin kay / Health""; ""9 / Jisq'un. Chhiqa / Places""; ""10 / Chunka. Away / Weaving""; ""11 / Chunka jukniyuq. Simikuna / Languages""; ""12 / Chunka iskayniyuq. P'achamanta / Clothing Styles"" 327 $a""13 / Chunka kimsayuq. Yuyarina / Review""""PART III""; ""14 / Chunka tawayuq. Awayta yachay / Learning to Weave""; ""15 / Chunka phichqayuq. Fiesta ruwana tiyan / Having to Sponsor a Fiesta""; ""16 / Chunka suqtayuq. Unquy / Illness""; ""17 / Chunka qanchisniyuq. Feriaman riy / Going to Market""; ""18 / Chunka pusaqniyuq. Mikhunata ruway / Preparing Food""; ""19 / Chunka jisq'unniyuq. Inkamanta / About the Incas""; ""20 / Iskay chunka. Kamachiqmanta / About the President""; ""21 / Iskay chunka jukniyuq. Yuyarina / Review"" 327 $a""22 / Iskay chunka iskayniyuq. Jallp'amanta Parlarisun / Let's Talk about the Earth""""Vocabulary Checklist""; ""References"" 330 $aKawsay Vida is a course book and interactive multimedia program on DVD for the teaching and learning of the Quechua language from beginner to advanced levels. The course book is based on contemporary Bolivian Quechua, while the multimedia program contains a section on Bolivian Quechua (beginner to intermediate levels) and a section on southern Peruvian Quechua (advanced level). The book provides a practical introduction to spoken Quechua through the medium of English, while the multimedia program offers a choice of English or Spanish as the medium of instruction. The video clips introduce us to Quechua speakers in the valleys of Northern Potosí (Bolivia) and Cuzco (Peru), giving a sense of immediacy that the printed page cannot achieve, and highlighting the social and cultural settings in which the language is spoken. The DVD is available for both PC and Macintosh platforms. The book contains twenty-two units of study. As students work through these, cross-references take them to relevant sections of the DVD. The Bolivian and Peruvian Quechua sections of the multimedia program are divided into thematically and grammatically ordered modules, which introduce users to different aspects of Andean life, while progressing language learning in a structured way. Users engage with the audio, video, and visual material contained in the DVD through a range of interactive exercises, which reinforce listening and comprehension skills. Once familiarity with the language is acquired, the multimedia program may be used independently from the book. 410 0$aRecovering Languages and Literacies of the Americas 606 $aQuechua language$vTextbooks for foreign speakers 606 $aQuechua language$xGrammar 606 $aQuechua language$vSound recordings for foreign speakers 615 0$aQuechua language 615 0$aQuechua language$xGrammar. 615 0$aQuechua language 676 $a498/.32382421 700 $aHoward$b Rosaleen$01099230 701 $aJimmieson$b Phil$01574370 801 0$bMiAaPQ 801 1$bMiAaPQ 801 2$bMiAaPQ 906 $aBOOK 912 $a9910789153303321 996 $aKawsay Vida$93850627 997 $aUNINA LEADER 02855nam0 2200469 i 450 001 PUV0809653 005 20251003044315.0 010 $a8814093873 020 $aIT$b2002-10366 100 $a20130827d2001 ||||0itac50 ba 101 | $aita 102 $ait 181 1$6z01$ai $bxxxe 182 1$6z01$an 183 1$6z01$anc$2RDAcarrier 200 1 $aˆL'‰aziendalizzazione nel D.lgs. 229/99$fa cura di Renato Balduzzi e Giuseppe Di Gaspare 210 $aMilano$cGiuffrè$d©2001 215 $a232 p.$d23 cm 225 | $aPubblicazioni del Centro di ricerca sulle amministrazioni pubbliche Vittorio Bachelet.$i Collana di quaderni$v22 300 $aIntesta al front.: LUISS, Libera università internazionale degli studi sociali Guido Carli, Centro di ricerca sulle amministrazioni pubbliche Vittorio Bachelet. 410 0$1001TO00369875$12001 $aPubblicazioni del Centro di ricerca sulle amministrazioni pubbliche Vittorio Bachelet.$i Collana di quaderni$v22$171202$aCentro di ricerca sulle amministrazioni pubbliche Vittorio Bachelet$3TO0V182227 606 $aServizio sanitario nazionale$xLegislazione$2FIR$3CFIC001337$9I 676 $a344$9LEGISLAZIONE SOCIALE$v12 676 $a344.4504$9DIRITTO. ITALIA. SANITA PUBBLICA$v20 676 $a344.4504$9DIRITTO IN MATERIA DI PROBLEMI E SERVIZI SOCIALI VARI. ITALIA$v21 696 $aSSN 699 $aServizio sanitario nazionale$ySSN 702 1$aDi Gaspare$b, Giuseppe$3CFIV050568 702 1$aBalduzzi$b, Renato$3CFIV066810 712 02$aCentro di ricerca sulle amministrazioni pubbliche Vittorio Bachelet$3TO0V182227 791 02$aLibera università internazionale degli studi sociali$b : Centro di ricerca sulle amministrazioni pubbliche Vittorio Bachelet$3CFIV159564$zCentro di ricerca sulle amministrazioni pubbliche Vittorio Bachelet 791 02$aLUISS$b : Centro di ricerca sulle amministrazioni pubbliche Vittorio Bachelet$3CFIV159607$zCentro di ricerca sulle amministrazioni pubbliche Vittorio Bachelet 791 02$aLibera università internazionale degli studi sociali Guido Carli$b : Centro di ricerca sulle amministrazioni pubbliche Vittorio Bachelet$3CFIV167775$zCentro di ricerca sulle amministrazioni pubbliche Vittorio Bachelet 791 02$aCentro di ricerca sulle amministrazioni pubbliche$3CFIV174395$zCentro di ricerca sulle amministrazioni pubbliche Vittorio Bachelet 801 3$aIT$bIT-000000$c20130827 850 $aIT-BN0095 901 $bNAP 01$cD $n$ 912 $aPUV0809653 950 0$aBiblioteca Centralizzata di Ateneo$d 01D (C) 19 455$e 01C 0800194555 VMA 1 v.$fY $h20121122$i20121122 977 $a 01 996 $aAziendalizzazione nel d.lgs. 229$9904645 997 $aUNISANNIO